00803nam a2200205 a 450000100100000000500170001000800410002704000250006808200130009310000270010624500750013326000330020830000210024149000550026250000740031783000630039104900090045495201170046399900170058000002495620200930023455.0110208s1945 ag r 000 0 spa d aDO-SdBNPbspacBNPHU ann*bnn*1 aRenan, Ernesto.95121810aSan Pablo /cErnesto Renan ; estudio preliminar de José Luis Romero. aBuenos Aires :bNova,c1945. a380 p. ;c21 cm.1 aBiblioteca histórica. Los historiadores ilustres aIncluye referencias bibliográficas y notas al pie de las páginas. 0aBiblioteca histórica.pLos historiadores ilustres951219 aBNGR 001054708MOaGRbGRcCTd2011-02-08iLF1l0onn* nn*p24956-10r2020-06-25w2020-06-25y4ZPréstamo en sala c24449d24449